<?xml version="1.0" encoding="UTF-8"?>
<resp>
  <nextPage>https://data.bn.org.pl/api/networks/bibs.marcxml?marc=001+b00001150001096&amp;sinceId=1150001097</nextPage>
  <collection>
    <record xmlns='http://www.loc.gov/MARC21/slim'><leader>00925namZa2200313ZiZ4500</leader><controlfield tag='001'>b00001150001096</controlfield><controlfield tag='005'>20241203215314.3</controlfield><controlfield tag='008'>230609s        pl           |000 0 pol c</controlfield><controlfield tag='009'>9913261427105606</controlfield><datafield ind1=' ' ind2=' ' tag='020'><subfield code='a'>8371573863</subfield></datafield><datafield ind1=' ' ind2=' ' tag='035'><subfield code='a'>KR_1KR_1_20120317235419000282-48omnis_kr</subfield></datafield><datafield ind1=' ' ind2=' ' tag='035'><subfield code='a'>KR_1_20120317235419000282</subfield><subfield code='9'>ExL</subfield></datafield><datafield ind1=' ' ind2=' ' tag='035'><subfield code='a'>(PL)b00001150001096</subfield></datafield><datafield ind1=' ' ind2=' ' tag='040'><subfield code='a'>KR_1</subfield><subfield code='c'>KR_1</subfield></datafield><datafield ind1='1' ind2=' ' tag='041'><subfield code='a'>pol</subfield><subfield code='h'>eng</subfield></datafield><datafield ind1='1' ind2=' ' tag='100'><subfield code='a'>Stone, Tom B.</subfield></datafield><datafield ind1='1' ind2='0' tag='245'><subfield code='a'>Jak polubić mumię /</subfield><subfield code='c'>Tom B. Stone ; przeł. Ewa Mikina.</subfield></datafield><datafield ind1=' ' ind2=' ' tag='260'><subfield code='a'>Warszawa :</subfield><subfield code='b'>&quot;Da Capo&quot;,</subfield><subfield code='c'>1996.</subfield></datafield><datafield ind1=' ' ind2=' ' tag='300'><subfield code='a'>124 s. ;</subfield><subfield code='c'>19 cm.</subfield></datafield><datafield ind1='1' ind2=' ' tag='490'><subfield code='a'>Szkoła przy Cmentarzu</subfield></datafield><datafield ind1=' ' ind2=' ' tag='500'><subfield code='a'>d</subfield></datafield><datafield ind1=' ' ind2='9' tag='650'><subfield code='a'>Literatura młodzieżowa amerykańska</subfield></datafield><datafield ind1='1' ind2=' ' tag='700'><subfield code='a'>Mikina, Ewa.</subfield><subfield code='e'>Tł.</subfield></datafield><datafield ind1=' ' ind2=' ' tag='852'><subfield code='b'>48OMNIS_NETWORK</subfield><subfield code='8'>9913261427105606</subfield></datafield><datafield ind1=' ' ind2=' ' tag='852'><subfield code='b'>48OMNIS_KR</subfield><subfield code='8'>991000010959708216</subfield></datafield><datafield ind1=' ' ind2=' ' tag='920'><subfield code='a'>83-7157-386-3</subfield></datafield></record>
  </collection>
</resp>
